[Event "VIE Cup"]
[Site "Hanoi"]
[Date "2021.??.??"]
[Round "4"]
[White "Nguyen, Minh Kha"]
[Black "Lu, Chan Hung"]
[Result "0-1"]
[WhiteElo "2439"]
[BlackElo "2174"]
[PlyCount "102"]
[EventDate "2021.05.03"]
[EventType "swiss"]
[EventRounds "9"]
[EventCountry "VIE"]
[SourceTitle "EXT 2022"]
[Source "ChessBase"]
[SourceDate "2021.10.06"]
[SourceVersion "1"]
[SourceVersionDate "2021.10.06"]
[SourceQuality "1"]

1. d4 d5 2. c4 c6 3. Nf3 Nf6 4. Nc3 a6 5. e3 b5 6. b3 Bg4 7. Be2 e6 8. 0-0 Bd6 9. Ne5 Bf5 10. a4 b4 11. Na2 a5 12. Bb2 0-0 13. f3 h6 14. Nc1 Qc7 15. Bd3 dxc4 16. Bxc4 c5 17. e4 cxd4 18. exf5 Bxe5 19. f4 Bxf4 20. fxe6 Bxh2+ 21. Kh1 fxe6 22. Bxe6+ Kh8 23. Qxd4 Nc6 24. Qh4 Be5 25. Nd3 Bxb2 26. Nxb2 Qe5 27. Qc4 Ne4 28. Rxf8+ Rxf8 29. Qxc6 Ng3+ 30. Kg1 Qxb2 31. Rd1 Qf2+ 32. Kh2 Nf1+ 33. Kh1 Ng3+ 34. Kh2 Nf1+ 35. Kh1 Ne3 36. Rg1 Qf4 37. Qc5 Nf1 38. g3 Qf3+ 39. Rg2 Ne3 40. Bh3 Nxg2 41. Bxg2 Qf5 42. Qe7 Qh5+ 43. Kg1 Rc8 44. Qe3 Qc5 45. Qxc5 Rxc5 46. Kh2 Kg8 47. Kh3 Kf7 48. Kh4 Ke6 49. Bf1 Kd5 50. Bb5 Rxb5 51. axb5 a4 0-1